000 01161nam a22003617a 4500
003 CHAP
005 20220817044155.0
008 070627d2006 it a rn 00110 spa d
010 _a93803
011 _a94775
020 _a9789253055579
035 _a105372
040 _cCHAP
090 _aFolleto 17202y
110 2 _aFAO
245 1 0 _aMejorar la igualdad de genéro en el acceso a la tierra
_c/por FAO
260 _aRoma :
_bFAO,
_c2006.
300 _a24 p. :
_bilus.
490 0 _aFAO. Notas sobre tenencia de la tierra
_v; 2
590 _aBATCH-UPD
_b10
_c20130110
_lUCH01
_h1925
590 _aBATCH-UPD
_b10
_c20130410
_lUCH01
_h1250
590 _aBATCH-UPD
_b10
_c20130914
_lUCH01
_h1308
590 _aCONVERSION
_b10
_c20130109
_lUCH01
_h1352
650 1 4 _aEnfoque de género.
_936945
650 1 4 _aMujer en agricultura.
_979359
650 1 4 _aMujer en comunidades rurales.
_979360
650 1 4 _aTierras
_xArrendamiento.
_9113092
830 0 _aFAO. Notas sobre tenencia de la tierra
_v; 2
_939633
901 _aBK
905 _aMarco A. Mendoza T.
942 _cFOLL
949 _aFolleto 17202y
_bBC
_cFAO
_d33724002033850
_eFAO1
_gDonaciØn
_i105372
_sb
999 _c93803
_d93803